Państwa z ruchem lewostronnym - Statystyki

Ogólne statystyki
  • Ten quiz został rozwiązany 64 razy
  • Średni wynik to 20 z 32
Statystyki odpowiedzi
Odpowiedź % Poprawnych
Wielka Brytania
100%
Irlandia
93%
Australia
92%
Indie
88%
Nowa Zelandia
86%
Japonia
85%
Republika Południowej Afryki
83%
Indonezja
76%
Malezja
76%
Tajlandia
73%
Bangladesz
68%
Kenia
68%
Singapur
68%
Malta
66%
Zambia
66%
Zimbabwe
66%
Pakistan
63%
Botswana
59%
Cypr
59%
Tanzania
59%
Lesotho
58%
Uganda
53%
Papua-Nowa Gwinea
49%
Sri Lanka
49%
Brunei
47%
Malediwy
42%
Dominika
37%
Jamajka
37%
Mauritius
36%
Surinam
34%
Gujana
31%
Samoa
25%
Nie znaleziono quizów pasujących do podanych kryteriów
Rozkład punktacji
Procent ludzi z każdym wynikiem
Percentyl według liczby udzielonych odpowiedzi
Twoja historia wyników
Nie rozwiązałeś tego quizu